| 000 | 00350 a2200145 4500 | ||
|---|---|---|---|
| 001 | 155712 | ||
| 040 | _cEscola São Tomás de Aquino | ||
| 240 | 1 | 0 |
_aA Bíblia na linguagem de hoje _lpor |
| 245 | 1 | 0 | _aA Bíblia na linguagem de hoje |
| 300 | _a360 | ||
| 362 | 0 | _a1999 | |
| 440 | 1 | _aSociedade Bíblica do Brasil | |
| 697 | _aBíblia | ||
| 942 | _cBK | ||
| 999 |
_c155712 _d155712 |
||